Dos estudios sobre la teoría del delito

Saved in:
Bibliografiske detaljer
Hovedforfatter: Goessel, Karl-Heinz (Author)
Format: Bog
Sprog:spansk
Udgivet: Bogotá Temis 1984
Udgivelse:1a. ed
Serier:Monografías Jurídicas, 27
Fag:
Tags: Tilføj Tag
Ingen Tags, Vær først til at tagge denne postø!

MARC

LEADER 00000cam a2200000 a 4500
001 UCC5328
003 CL-VaPUC
008 181005e19840000ck |||||||||||||||||spa|d
020 |a 9586040259 
082 0 4 |a 345.03  |b GOE  |2 21 
100 |a Goessel, Karl-Heinz  |e author  |9 599652 
245 1 0 |a Dos estudios sobre la teoría del delito 
250 |a 1a. ed 
300 |a 68 p 
942 |c BK 
945 |d 20181005 11:02:00  |a dcastane 
260 |a Bogotá  |b Temis  |c 1984 
650 0 |a Teoría del derecho  |9 255982 
650 0 |a Delitos  |9 224143 
650 0 |a CONCURSO DEL DELITO  |9 358121 
650 7 |a PARTICIPACION CRIMINAL  |2 CL-VaPUC  |9 383238 
583 |a last modification  |c 20181005 11:02:00  |k Rodrigo Vera 
490 0 |a Monografías Jurídicas, 27 
999 |c 372581  |d 372579 
952 |0 0  |1 0  |2 ddc  |3 erb  |4 0  |6 345_030000000000000_GOE_1984  |7 0  |8 A  |9 490264  |a BIBDER  |b BIBDER  |e Mateluna Arestizabal, Alfredo Sergio  |i 5489318  |o 345.03 GOE 1984  |p 5489318  |r 2023-01-25  |w 2019-11-24  |y MX  |z Catalogado en:20181005  |k DER